<?xml version="1.0" encoding="UTF-8"?>
<record
    xmlns:xsi="http://www.w3.org/2001/XMLSchema-instance"
    xsi:schemaLocation="http://www.loc.gov/MARC21/slim http://www.loc.gov/standards/marcxml/schema/MARC21slim.xsd"
    xmlns="http://www.loc.gov/MARC21/slim">

  <leader>01475    a2200181   4500</leader>
  <controlfield tag="003">Nust</controlfield>
  <controlfield tag="005">20221208120718.0</controlfield>
  <datafield tag="020" ind1=" " ind2=" ">
    <subfield code="a">9780070151406</subfield>
  </datafield>
  <datafield tag="040" ind1=" " ind2=" ">
    <subfield code="c">Nust</subfield>
  </datafield>
  <datafield tag="082" ind1=" " ind2=" ">
    <subfield code="a">621.382,MIS</subfield>
  </datafield>
  <datafield tag="100" ind1=" " ind2=" ">
    <subfield code="a">ITI Saha Misra</subfield>
    <subfield code="9">104449</subfield>
  </datafield>
  <datafield tag="245" ind1=" " ind2=" ">
    <subfield code="a">Wireless Communications and Networks 3G and Beyond /</subfield>
    <subfield code="c">ITI Saha Misra</subfield>
  </datafield>
  <datafield tag="260" ind1=" " ind2=" ">
    <subfield code="a">New Delhi</subfield>
    <subfield code="b">Tata McGraw Hill Education Private Limited</subfield>
    <subfield code="c">2009</subfield>
  </datafield>
  <datafield tag="300" ind1=" " ind2=" ">
    <subfield code="a">xi,390,p</subfield>
  </datafield>
  <datafield tag="505" ind1=" " ind2=" ">
    <subfield code="a">Introduction for Wireless communication and Networks (Page-1), Cellular Mobile Wireless Networks: Systems &amp; Design Fundamentals and Propagation Path Loss Models (Page-5), Evolution of Modern Mobile Wireless Communication Systems (Page-48), Multiple Access Techniques in Wireless Communications (Page-67), Second Generation Mobile Networks GSM: Architecture and Protocols (Page-88), Networks--General Packet Radio Services (GPRS) (Page-110), Overview of CDMA Based IS--95 2G Cellular Networks (Page-141), 3G- Universal Mobile Telecommunication Systems (UMTS) (Page-155), Overview of Internet Protocol and Mobile Internet Protocol (Page-180), Mobility Management Issues: Role of IP on Wireless Networks (Page-206), Fundamentals of Wireless Local Area Networks (Page-243), Cellular and WLAN Integration : Heterogeneous Network Architecture, Step towards 4G Networks (Page-268), Overview of Wi Max Technologies: Broadband Wireless Communication (Page-301),</subfield>
  </datafield>
  <datafield tag="600" ind1=" " ind2=" ">
    <subfield code="a">Wireless Communications And Networks 3G and Beyond</subfield>
    <subfield code="9">104450</subfield>
  </datafield>
  <datafield tag="942" ind1=" " ind2=" ">
    <subfield code="2">ddc</subfield>
    <subfield code="c">BK</subfield>
  </datafield>
  <datafield tag="999" ind1=" " ind2=" ">
    <subfield code="c">189465</subfield>
    <subfield code="d">189465</subfield>
  </datafield>
  <datafield tag="952" ind1=" " ind2=" ">
    <subfield code="0">0</subfield>
    <subfield code="1">0</subfield>
    <subfield code="2">ddc</subfield>
    <subfield code="4">0</subfield>
    <subfield code="7">0</subfield>
    <subfield code="a">MCS</subfield>
    <subfield code="b">MCS</subfield>
    <subfield code="c">GEN</subfield>
    <subfield code="d">2016-12-12</subfield>
    <subfield code="o">621.382,MIS</subfield>
    <subfield code="p">MCS35116</subfield>
    <subfield code="r">2016-12-08</subfield>
    <subfield code="w">2016-12-12</subfield>
    <subfield code="y">BK</subfield>
    <subfield code="z">Almirah No.35, Shelf No.4</subfield>
  </datafield>
</record>
